Statistics for Diaspora-Denmark

Click here to take the quiz!

General Stats

  • This quiz has been taken 52 times
  • The average score is 9 of 10

Answer Stats

Number of immigrants Continent Country % Correct
1.430.897North AmericaUnited States of America
100%
200.035North AmericaCanada
98%
50.000EuropeGermany
98%
42.602EuropeSweden
98%
52.510EuropeNorway
96%
13.000South AmericaArgentina
94%
50.413OceaniaAustralia
91%
7.000EuropeFrance
89%
18.493EuropeUnited Kingdom
85%
8.944EuropeSpain
83%

Score Distribution

Percentile by Number Answered

Percent of People with Each Score

Your Score History

You have not taken this quiz